|
|
|
|
| LEADER |
00000nab a2200000 a 4500 |
| 001 |
vtls009529990 |
| 003 |
SK-MaSNL |
| 005 |
20260319070738.0 |
| 008 |
090625|2009 xo m| | |00 0|hun |
| 038 |
|
|
|a KEVKJB
|
| 040 |
|
|
|a KEVKJB
|b slo
|c KEVKJB
|e AACR2
|
| 041 |
0 |
|
|a hun
|
| 044 |
|
|
|a xo
|c SK
|
| 080 |
|
|
|a 341.71(=511.141)
|2 2001
|
| 100 |
1 |
|
|a Maďarské inštitúcie v Košiciach
|4 aut
|9 1085144
|
| 245 |
1 |
0 |
|a Nyílt levél a kassai magyar főkonzulátus megszüntetése ellen
|c Aláírták a kassai magyar intézmények és szervezetek elnökei és képviselői
|
| 610 |
2 |
7 |
|a Generálny konzulát Maďarskej republiky (Košice, Slovensko)
|2 kevkjb
|9 877282
|
| 650 |
0 |
7 |
|a zastupiteľské úrady
|2 kevkjb
|9 1253
|
| 651 |
|
7 |
|a Košice (Slovensko)
|2 kevkjb
|9 18694
|
| 655 |
|
7 |
|a otvorené listy
|2 kevkjb
|9 900005
|
| 773 |
0 |
|
|t Kassai Figyelő
|g Évf. VII, sz. 6 (2009), o. 9
|
| 852 |
|
|
|a KEVKJB
|b KIS3GCP
|
| 958 |
|
|
|a HU
|
| 999 |
|
|
|c 1785513
|d 1787443
|